Загрузка...
Logical abilities in children
| Главный автор: | |
|---|---|
| Формат: | Printed Book |
| Язык: | English |
| Предметы: |
| LEADER | 00345nam a2200109Ia 4500 | ||
|---|---|---|---|
| 008 | 101008s9999 xx 000 0 eng d | ||
| 100 | |a Osherson, Daniel N | ||
| 245 | |a Logical abilities in children | ||
| 650 | |a Psychology | ||
| 942 | |c BK | ||
| 999 | |c 182280 |d 182280 | ||
| 952 | |0 0 |1 0 |4 0 |7 0 |9 201573 |a EDU |b EDU |c ST1 |d 2010-10-20 |i 3836 |l 0 |p EDU3836 |r 2018-08-29 |w 2018-08-29 |y BK | ||